000 00267nam a2200121 i 4500
001 bg
245 0 _aSovremennaja kristalloarafija.
_nT. 4.
260 _aMoskwa,
_c1981.
040 _cBPK
041 _apol
942 _cKS
008 s pl f |000 0 pol
999 _c19946
_d19946
856 _uhttp://koha.tu.koszalin.pl/cgi-bin/koha/opac-detail.pl?biblionumber=19946
_yKatalog online BPK